|
|
|
|
| LEADER |
00000cam a2200000 7i4500 |
| 001 |
0000000135 |
| 005 |
20000717.0 |
| 020 |
0 |
0 |
|a 9837202815
|
| 090 |
0 |
0 |
|a 158.1
|b TSC 1996
|
| 100 |
1 |
0 |
|a TSCHOHL
|h John
|
| 245 |
1 |
0 |
|a Pengurusan diri untuk kejayaan :
|b Jaminan untuk anda peroleh banyak wang, meningkat dalam kerjaya, cinta kepada pekerjaan
|c John Tschohl
|
| 260 |
0 |
0 |
|a Kuala Lumpur :
|b Golden Books Centre ,
|c 1996
|
| 300 |
|
|
|a xi, 203 p. ;
|c 23 cm.
|
| 500 |
0 |
0 |
|a Translated from: Cashing in - Make more money, get a promotion, love your job/ John Tschohl
|
| 650 |
0 |
0 |
|a Self-management (Psychology)
|
| 650 |
0 |
0 |
|a Success
|
| 999 |
|
|
|a 0000001290
|b Monograph
|c Open Shelf
|e Default branch
|